People in organisations
| Main Author: | |
|---|---|
| Format: | Book |
| Published: |
London :
Macmillan Education Ltd ,
1988
|
| Subjects: |
MARC
| LEADER | 00000cam a2200000 7i4500 | ||
|---|---|---|---|
| 001 | 0000052063 | ||
| 005 | 20150917.0 | ||
| 008 | 150917 | ||
| 020 | |||
| 090 | 0 | 0 | |a 302.35 |b SAL |
| 100 | 0 | |a Sallis,Edward | |
| 245 | 1 | 0 | |a People in organisations |c Edward Sallis |
| 260 | |a London : |b Macmillan Education Ltd , |c 1988 | ||
| 500 | |a Includes bibliography, index | ||
| 650 | 0 | |a Organization | |
| 999 | |a 0000101334 |b Book |c Adult Collection |e Cawangan Muar | ||